000 01004nam a22003257a 4500
001 BR0601678
003 BR-BrBNA
005 20230928102126.0
007 ta
008 230509b bl.||||| |||| 00| 0 por d
040 _aBR-BrBNA
_bpor
_cBiblioteca Nacional de Agricultura
041 _a(Por)
072 _aE10; U10
090 _ E10 BR0601678
100 1 _aFontes, R.E.
110 1 _aUniversidade Federal de Lavras, MG (Brasil)
_0Tese (Doutorado)
245 1 _aConstrução de um índice agrícola para o mercado derivativo de commodities agrícolas negociadas na BM F
260 3 _aLavras, MG (Brasil):
_c2006.
300 _a147 p.
500 _aSummaries (Eng, Por); Bibliography p. 133-147; 23 tables; 8 illus.
650 _aECONOMIA AGRÍCOLA
650 _aAGRONEGÓCIO
650 _aINDICADOR ECONÔMICO
650 _aANÁLISE ECONÔMICA
650 _aMERCADO
650 _aCOTAÇÃO
650 _aMODELO ECONOMETRICO
909 _a202309
_bLucia
_c55
_dLucia Elande
942 _cBK
999 _c69263
_d69263